[Event "DEM U8 2025"]
[Site "Willingen GER"]
[Date "2025.06.13"]
[Round "5"]
[White "Trifonov, Martin"]
[Black "Mâallem, Mats"]
[Result "1/2-1/2"]
[Termination "normal"]
[Board "10"]
[WhiteElo "1397"]
[BlackElo "1157"]
[WhiteClock "00:32:16"]
[BlackClock "00:32:39"]
[PlyCount "117"]
[WhiteFideId "2966204"]
[EventCountry "GER"]
[EventRounds "7"]
[EventType "swiss"]
[EventDate "2025.06.10"]

1. e4 {[%clk 01:00:27]} e5 {[%clk 01:00:15]} {[%emt 00:00:17]} 2. Nf3 {[%clk
01:00:34]} {[%emt 00:00:07]} Nc6 {[%clk 01:00:23]} {[%emt 00:00:09]} 3. Bb5
{[%clk 01:00:30]} {[%emt 00:00:17]} d6 {[%clk 01:00:11]} {[%emt 00:00:28]} 4.
Nc3 {[%clk 00:59:53]} {[%emt 00:00:52]} Nf6 {[%clk 00:59:54]} {[%emt 00:00:33]}
5. O-O {[%clk 00:59:50]} {[%emt 00:00:17]} Be7 {[%clk 00:59:55]} {[%emt
00:00:15]} 6. d3 {[%clk 00:59:46]} {[%emt 00:00:19]} O-O {[%clk 00:59:56]}
{[%emt 00:00:14]} 7. Bxc6 {[%clk 00:59:46]} {[%emt 00:00:15]} bxc6 {[%clk
00:59:56]} {[%emt 00:00:15]} 8. Bg5 {[%clk 00:59:48]} {[%emt 00:00:13]} h6
{[%clk 00:59:47]} {[%emt 00:00:24]} 9. Bh4 {[%clk 00:59:37]} {[%emt 00:00:11]}
Rb8 {[%clk 00:59:43]} {[%emt 00:00:33]} 10. Rb1 {[%clk 00:59:16]} {[%emt
00:00:37]} Bd7 {[%clk 00:59:24]} {[%emt 00:00:33]} 11. Qd2 {[%emt 00:03:26]}
Be6 {[%clk 00:56:44]} {[%emt 00:00:06]} 12. Rfe1 {[%clk 00:57:23]} {[%emt
00:01:25]} Qd7 {[%clk 00:55:54]} {[%emt 00:01:26]} 13. d4 {[%clk 00:56:41]}
{[%emt 00:00:54]} exd4 {[%clk 00:54:28]} {[%emt 00:01:45]} 14. Nxd4 {[%clk
00:56:19]} {[%emt 00:00:36]} Rfe8 {[%clk 00:52:58]} {[%emt 00:01:46]} 15. Nxe6
{[%clk 00:56:04]} {[%emt 00:00:29]} Qxe6 {[%clk 00:52:38]} {[%emt 00:00:35]}
16. Bg3 {[%clk 00:53:38]} {[%emt 00:02:39]} Qd7 {[%clk 00:50:26]} {[%emt
00:02:29]} 17. Kh1 {[%clk 00:52:29]} {[%emt 00:00:56]} Rb7 {[%clk 00:49:25]}
{[%emt 00:01:45]} 18. b3 {[%clk 00:49:47]} {[%emt 00:02:55]} Kh8 {[%clk
00:46:22]} {[%emt 00:03:20]} 19. f4 {[%emt 00:00:58]} Kg8 {[%emt 00:02:50]} 20.
Qf2 {[%clk 00:45:43]} {[%emt 00:00:30]} Rb6 {[%clk 00:43:49]} {[%emt 00:02:49]}
21. Rbd1 {[%clk 00:44:16]} {[%emt 00:00:20]} Qc8 {[%clk 00:42:44]} {[%emt
00:02:41]} 22. e5 {[%clk 00:43:10]} {[%emt 00:01:15]} Nh7 {[%clk 00:40:57]}
{[%emt 00:02:08]} 23. f5 {[%clk 00:41:44]} {[%emt 00:01:16]} Rb7 {[%clk
00:39:19]} {[%emt 00:02:20]} 24. e6 {[%clk 00:39:15]} {[%emt 00:02:42]} fxe6
{[%clk 00:39:08]} {[%emt 00:00:26]} 25. Rxe6 {[%clk 00:38:22]} {[%emt
00:01:04]} Bf6 {[%clk 00:37:39]} {[%emt 00:01:49]} 26. Rxe8+ {[%clk 00:38:15]}
{[%emt 00:00:22]} Qxe8 {[%clk 00:37:45]} {[%emt 00:00:09]} 27. Ne2 {[%clk
00:37:50]} {[%emt 00:00:37]} Rb4 {[%clk 00:36:36]} {[%emt 00:01:26]} 28. Re1
{[%clk 00:37:24]} {[%emt 00:00:41]} Re4 {[%clk 00:36:17]} {[%emt 00:00:34]} 29.
Nf4 {[%clk 00:36:40]} {[%emt 00:00:56]} Rxe1+ {[%clk 00:36:22]} {[%emt
00:00:13]} 30. Qxe1 {[%clk 00:36:49]} {[%emt 00:00:06]} Qxe1+ {[%clk 00:36:06]}
{[%emt 00:00:31]} 31. Bxe1 {[%clk 00:36:48]} {[%emt 00:00:08]} Kf7 {[%clk
00:35:39]} {[%emt 00:00:50]} 32. Ne6 {[%clk 00:36:41]} {[%emt 00:00:16]} Nf8
{[%clk 00:34:47]} {[%emt 00:01:14]} 33. Nxc7 {[%clk 00:36:45]} {[%emt
00:00:10]} Ke7 {[%clk 00:33:09]} {[%emt 00:01:54]} 34. Na6 {[%clk 00:36:19]}
{[%emt 00:00:41]} c5 {[%clk 00:32:58]} {[%emt 00:00:26]} 35. Nb8 {[%clk
00:36:16]} {[%emt 00:00:17]} d5 {[%clk 00:32:40]} {[%emt 00:00:34]} 36. Nc6+
{[%clk 00:35:48]} {[%emt 00:00:43]} Kd6 {[%clk 00:32:18]} {[%emt 00:00:36]} 37.
Nxa7 {[%clk 00:35:41]} {[%emt 00:00:22]} h5 {[%clk 00:32:08]} {[%emt 00:00:25]}
38. Nb5+ {[%clk 00:35:46]} {[%emt 00:00:10]} Ke5 {[%clk 00:32:14]} {[%emt
00:00:10]} 39. Bg3+ {[%clk 00:35:44]} {[%emt 00:00:16]} Kxf5 {[%clk 00:32:14]}
{[%emt 00:00:16]} 40. a4 {[%emt 00:00:23]} Bd8 {[%clk 00:31:58]} {[%emt
00:00:29]} 41. Bc7 {[%clk 00:35:11]} {[%emt 00:00:41]} Bxc7 {[%clk 00:31:55]}
{[%emt 00:00:18]} 42. Nxc7 {[%clk 00:34:44]} {[%emt 00:00:42]} Ke5 {[%clk
00:31:58]} {[%emt 00:00:12]} 43. a5 {[%clk 00:34:46]} {[%emt 00:00:14]} Kd6
{[%clk 00:32:07]} {[%emt 00:00:06]} 44. Ne8+ {[%clk 00:34:52]} {[%emt
00:00:09]} Kc6 {[%emt 00:00:07]} 45. Nxg7 {[%emt 00:00:15]} Kb5 {[%clk
00:31:53]} {[%emt 00:00:07]} 46. Nxh5 {[%clk 00:34:47]} {[%emt 00:00:19]} Kxa5
{[%clk 00:32:02]} {[%emt 00:00:07]} 47. Nf6 {[%clk 00:34:27]} {[%emt 00:00:35]}
d4 {[%clk 00:32:03]} {[%emt 00:00:13]} 48. Kg1 {[%clk 00:34:11]} {[%emt
00:00:32]} Kb4 {[%clk 00:32:11]} {[%emt 00:00:07]} 49. Ne4 {[%clk 00:33:55]}
{[%emt 00:00:30]} c4 {[%clk 00:31:59]} {[%emt 00:00:28]} 50. bxc4 {[%clk
00:33:34]} {[%emt 00:00:37]} Kxc4 {[%clk 00:32:06]} {[%emt 00:00:07]} 51. Kf2
{[%clk 00:33:39]} {[%emt 00:00:08]} d3 {[%clk 00:32:08]} {[%emt 00:00:13]} 52.
cxd3+ {[%clk 00:33:48]} {[%emt 00:00:06]} Kxd3 {[%clk 00:32:17]} {[%emt
00:00:08]} 53. Ng5 {[%clk 00:33:53]} {[%emt 00:00:09]} Kd4 {[%clk 00:32:24]}
{[%emt 00:00:09]} 54. h4 {[%clk 00:33:58]} {[%emt 00:00:09]} Ke5 {[%clk
00:32:31]} {[%emt 00:00:08]} 55. g4 {[%clk 00:34:02]} {[%emt 00:00:11]} Kf4
{[%clk 00:32:36]} {[%emt 00:00:10]} 56. Nf3 {[%clk 00:32:39]} {[%emt 00:01:37]}
Kxg4 {[%clk 00:32:44]} {[%emt 00:00:09]} 57. Ke3 {[%clk 00:32:17]} {[%emt
00:00:37]} Ng6 {[%clk 00:32:38]} {[%emt 00:00:20]} 58. Ke4 {[%clk 00:32:16]}
{[%emt 00:00:17]} Nxh4 {[%clk 00:32:39]} {[%emt 00:00:14]} 59. Ne5 {[%emt
00:00:52]} 1/2-1/2

[Event "DEM U8 2025"]
[Site "Willingen GER"]
[Date "2025.06.13"]
[Round "5"]
[White "Fabritius, Sylvester"]
[Black "Tilenbaev, Akyl"]
[Result "1-0"]
[Termination "normal"]
[Board "11"]
[WhiteElo "1147"]
[BlackElo "1257"]
[WhiteClock "00:46:47"]
[BlackClock "00:24:14"]
[PlyCount "101"]
[WhiteFideId "533026246"]
[EventCountry "GER"]
[EventRounds "7"]
[EventType "swiss"]
[EventDate "2025.06.10"]

1. d4 {[%clk 01:00:29]} d5 {[%clk 01:00:27]} {[%emt 00:00:04]} 2. c4 {[%clk
01:00:37]} {[%emt 00:00:06]} e6 {[%clk 01:00:37]} {[%emt 00:00:05]} 3. Nf3
{[%clk 01:00:49]} {[%emt 00:00:04]} Nf6 {[%clk 01:00:38]} {[%emt 00:00:14]} 4.
Nc3 {[%clk 01:00:56]} {[%emt 00:00:07]} Nbd7 {[%clk 01:00:44]} {[%emt
00:00:09]} 5. e3 {[%clk 01:01:02]} {[%emt 00:00:08]} Be7 {[%clk 01:00:48]}
{[%emt 00:00:12]} 6. Bd2 {[%clk 01:01:08]} {[%emt 00:00:10]} O-O {[%clk
01:00:53]} {[%emt 00:00:08]} 7. Be2 {[%clk 01:01:10]} {[%emt 00:00:14]} c5
{[%clk 01:00:58]} {[%emt 00:00:10]} 8. O-O {[%clk 01:01:04]} {[%emt 00:00:20]}
b6 {[%clk 01:00:54]} {[%emt 00:00:20]} 9. a4 {[%clk 01:01:03]} {[%emt
00:00:16]} a5 {[%clk 01:00:50]} {[%emt 00:00:20]} 10. Nb5 {[%clk 01:01:03]}
{[%emt 00:00:15]} Ne4 {[%clk 01:00:10]} {[%emt 00:00:54]} 11. dxc5 {[%clk
01:00:31]} {[%emt 00:00:47]} Nxd2 {[%clk 00:59:42]} {[%emt 00:00:44]} 12. Qxd2
{[%clk 01:00:18]} {[%emt 00:00:26]} Nxc5 {[%clk 00:59:33]} {[%emt 00:00:25]}
13. Qc2 {[%clk 00:58:40]} {[%emt 00:01:52]} Bb7 {[%clk 00:58:12]} {[%emt
00:01:36]} 14. Rfd1 {[%clk 00:58:19]} {[%emt 00:00:36]} Rc8 {[%clk 00:56:10]}
{[%emt 00:02:18]} 15. Na7 {[%clk 00:58:14]} {[%emt 00:00:20]} Rb8 {[%clk
00:55:42]} {[%emt 00:00:44]} 16. Nb5 {[%clk 00:58:06]} {[%emt 00:00:23]} Bc6
{[%clk 00:55:08]} {[%emt 00:00:49]} 17. Na7 {[%clk 00:57:49]} {[%emt 00:00:30]}
Bxa4 {[%clk 00:53:47]} {[%emt 00:01:38]} 18. Rxa4 {[%clk 00:57:35]} {[%emt
00:00:28]} Nxa4 {[%clk 00:53:55]} {[%emt 00:00:08]} 19. Qxa4 {[%clk 00:57:36]}
{[%emt 00:00:14]} Bf6 {[%clk 00:49:27]} {[%emt 00:04:43]} 20. Nd4 {[%clk
00:57:11]} {[%emt 00:00:39]} Bxd4 {[%clk 00:48:11]} {[%emt 00:01:32]} 21. Rxd4
{[%clk 00:57:02]} {[%emt 00:00:24]} Re8 {[%clk 00:43:34]} {[%emt 00:04:44]} 22.
cxd5 {[%clk 00:57:07]} {[%emt 00:00:18]} exd5 {[%clk 00:43:11]} {[%emt
00:00:37]} 23. Nc6 {[%clk 00:56:27]} {[%emt 00:00:54]} b5 {[%clk 00:39:33]}
{[%emt 00:03:55]} 24. Bxb5 {[%clk 00:54:37]} {[%emt 00:02:05]} Qc7 {[%clk
00:33:50]} {[%emt 00:05:58]} 25. Nxb8 {[%clk 00:54:33]} {[%emt 00:00:17]} Rxb8
{[%clk 00:33:57]} {[%emt 00:00:09]} 26. Rxd5 {[%clk 00:53:46]} {[%emt
00:01:02]} Qc1+ {[%clk 00:32:53]} {[%emt 00:01:19]} 27. Qd1 {[%clk 00:53:47]}
{[%emt 00:00:12]} Qc8 {[%clk 00:32:24]} {[%emt 00:00:44]} 28. h3 {[%clk
00:51:35]} {[%emt 00:02:28]} g6 {[%clk 00:30:59]} {[%emt 00:01:42]} 29. Qd4
{[%clk 00:50:35]} {[%emt 00:01:10]} Qc1+ {[%clk 00:29:04]} {[%emt 00:02:14]}
30. Kh2 {[%clk 00:50:34]} {[%emt 00:00:16]} Qc7+ {[%clk 00:28:43]} {[%emt
00:00:36]} 31. Qe5 {[%clk 00:50:04]} {[%emt 00:00:45]} Qxe5+ {[%clk 00:28:18]}
{[%emt 00:00:41]} 32. Rxe5 {[%clk 00:50:07]} {[%emt 00:00:11]} Kg7 {[%clk
00:27:00]} {[%emt 00:01:33]} 33. b3 {[%clk 00:50:01]} {[%emt 00:00:20]} Rb7
{[%clk 00:26:53]} {[%emt 00:00:22]} 34. Bc4 {[%clk 00:49:52]} {[%emt 00:00:26]}
Ra7 {[%clk 00:26:50]} {[%emt 00:00:18]} 35. Kg3 {[%clk 00:49:46]} {[%emt
00:00:19]} f6 {[%clk 00:26:25]} {[%emt 00:00:40]} 36. Re6 {[%clk 00:49:18]}
{[%emt 00:00:43]} a4 {[%clk 00:26:03]} {[%emt 00:00:38]} 37. bxa4 {[%clk
00:49:14]} {[%emt 00:00:20]} Rxa4 {[%clk 00:26:07]} {[%emt 00:00:10]} 38. Re7+
{[%clk 00:49:09]} {[%emt 00:00:19]} Kf8 {[%clk 00:25:52]} {[%emt 00:00:31]} 39.
Rf7+ {[%clk 00:48:54]} {[%emt 00:00:29]} Ke8 {[%clk 00:25:54]} {[%emt
00:00:13]} 40. Bb5+ {[%clk 00:49:03]} {[%emt 00:00:06]} Kd8 {[%clk 00:25:54]}
{[%emt 00:00:15]} 41. Bxa4 {[%clk 00:49:05]} {[%emt 00:00:14]} h5 {[%clk
00:26:01]} {[%emt 00:00:07]} 42. Kf4 {[%clk 00:48:58]} {[%emt 00:00:21]} g5+
{[%clk 00:26:10]} {[%emt 00:00:07]} 43. Kf5 {[%clk 00:48:59]} {[%emt 00:00:14]}
g4 {[%clk 00:26:19]} {[%emt 00:00:06]} 44. Ke6 {[%clk 00:48:49]} {[%emt
00:00:25]} gxh3 {[%clk 00:24:12]} {[%emt 00:02:22]} 45. gxh3 {[%clk 00:48:14]}
{[%emt 00:00:50]} h4 {[%clk 00:24:19]} {[%emt 00:00:09]} 46. Kd6 {[%clk
00:48:18]} {[%emt 00:00:09]} Kc8 {[%clk 00:24:28]} {[%emt 00:00:08]} 47. Re7
{[%clk 00:48:25]} {[%emt 00:00:07]} f5 {[%clk 00:24:26]} {[%emt 00:00:18]} 48.
Bc6 {[%clk 00:47:53]} {[%emt 00:00:45]} Kb8 {[%clk 00:24:27]} {[%emt 00:00:16]}
49. Kc5 {[%clk 00:47:32]} {[%emt 00:00:32]} Kc8 {[%clk 00:24:13]} {[%emt
00:00:32]} 50. Kb6 {[%clk 00:46:47]} {[%emt 00:01:00]} Kd8 {[%clk 00:24:14]}
{[%emt 00:00:15]} 51. Re8# {[%emt 00:00:11]} 1-0

[Event "DEM U8 2025"]
[Site "Willingen GER"]
[Date "2025.06.13"]
[Round "5"]
[White "Richter, Felix"]
[Black "Nilov, Nikita"]
[Result "1-0"]
[Termination "normal"]
[Board "12"]
[WhiteElo "1201"]
[BlackElo "1046"]
[WhiteClock "00:53:32"]
[BlackClock "00:38:42"]
[PlyCount "101"]
[WhiteFideId "533043663"]
[EventCountry "GER"]
[EventRounds "7"]
[EventType "swiss"]
[EventDate "2025.06.10"]

1. e4 {[%clk 01:00:15]} {[%emt 17:53:43]} e5 {[%clk 01:00:24]} {[%emt
00:00:07]} 2. Nf3 {[%clk 01:00:39]} {[%emt 00:00:06]} Nc6 {[%clk 01:00:30]}
{[%emt 00:00:09]} 3. Nc3 {[%clk 01:00:49]} {[%emt 00:00:04]} Bc5 {[%clk
01:00:31]} {[%emt 00:00:14]} 4. Nxe5 {[%clk 01:00:54]} {[%emt 00:00:10]} Nxe5
{[%clk 01:00:21]} {[%emt 00:00:25]} 5. d4 {[%clk 01:01:04]} {[%emt 00:00:06]}
Bb6 {[%clk 01:00:16]} {[%emt 00:00:19]} 6. dxe5 {[%clk 01:00:51]} {[%emt
00:00:28]} f6 {[%clk 00:59:43]} {[%emt 00:00:47]} 7. Bf4 {[%clk 01:00:06]}
{[%emt 00:01:00]} fxe5 {[%clk 00:59:20]} {[%emt 00:00:38]} 8. Qh5+ {[%clk
00:59:56]} {[%emt 00:00:26]} Kf8 {[%clk 00:57:59]} {[%emt 00:01:33]} 9. Bxe5
{[%clk 00:59:45]} {[%emt 00:00:29]} d6 {[%clk 00:57:20]} {[%emt 00:00:54]} 10.
Bc4 {[%clk 00:59:27]} {[%emt 00:00:33]} Nh6 {[%clk 00:53:25]} {[%emt 00:04:09]}
11. Qf3+ {[%clk 00:58:43]} {[%emt 00:01:00]} Ke7 {[%clk 00:52:15]} {[%emt
00:01:24]} 12. Bxg7 {[%clk 00:58:46]} {[%emt 00:00:14]} Rf8 {[%clk 00:51:52]}
{[%emt 00:00:37]} 13. Bxf8+ {[%clk 00:58:24]} {[%emt 00:00:36]} Qxf8 {[%clk
00:51:47]} {[%emt 00:00:21]} 14. Qxf8+ {[%clk 00:58:31]} {[%emt 00:00:09]} Kxf8
{[%clk 00:51:42]} {[%emt 00:00:20]} 15. f4 {[%clk 00:57:45]} {[%emt 00:01:00]}
Bg4 {[%clk 00:51:29]} {[%emt 00:00:28]} 16. h3 {[%clk 00:57:53]} {[%emt
00:00:08]} Bd7 {[%emt 00:00:16]} 17. g4 {[%emt 00:00:07]} Bc6 {[%clk 00:50:25]}
{[%emt 00:00:52]} 18. Bd5 {[%clk 00:57:52]} {[%emt 00:00:19]} Bxd5 {[%clk
00:50:03]} {[%emt 00:00:37]} 19. Nxd5 {[%clk 00:57:57]} {[%emt 00:00:10]} Ba5+
{[%clk 00:50:01]} {[%emt 00:00:17]} 20. c3 {[%clk 00:57:50]} {[%emt 00:00:23]}
c6 {[%clk 00:49:58]} {[%emt 00:00:16]} 21. Nf6 {[%clk 00:57:39]} {[%emt
00:00:28]} Bd8 {[%clk 00:49:44]} {[%emt 00:00:29]} 22. Nh5 {[%clk 00:56:52]}
{[%emt 00:01:02]} Bh4+ {[%clk 00:49:18]} {[%emt 00:00:39]} 23. Ke2 {[%clk
00:56:55]} {[%emt 00:00:14]} Re8 {[%clk 00:48:51]} {[%emt 00:00:38]} 24. Kf3
{[%clk 00:56:54]} {[%emt 00:00:19]} Bd8 {[%clk 00:48:29]} {[%emt 00:00:37]} 25.
g5 {[%clk 00:56:49]} {[%emt 00:00:21]} Nf7 {[%clk 00:48:12]} {[%emt 00:00:26]}
26. Nf6 {[%clk 00:56:21]} {[%emt 00:00:48]} Re6 {[%clk 00:47:44]} {[%emt
00:00:39]} 27. Ng4 {[%clk 00:54:00]} {[%emt 00:01:10]} d5 {[%clk 00:47:36]}
{[%emt 00:01:53]} 28. exd5 {[%clk 00:53:54]} {[%emt 00:00:22]} cxd5 {[%clk
00:47:35]} {[%emt 00:00:11]} 29. Rad1 {[%clk 00:54:01]} {[%emt 00:00:12]} Rd6
{[%clk 00:47:22]} {[%emt 00:00:25]} 30. Rd4 {[%clk 00:54:00]} {[%emt 00:00:19]}
Bb6 {[%clk 00:47:06]} {[%emt 00:00:32]} 31. Rd3 {[%clk 00:54:02]} {[%emt
00:00:13]} Kg7 {[%clk 00:46:37]} {[%emt 00:00:39]} 32. h4 {[%clk 00:53:52]}
{[%emt 00:00:29]} h5 {[%clk 00:46:17]} {[%emt 00:00:34]} 33. gxh6+ {[%clk
00:53:13]} {[%emt 00:00:56]} Nxh6 {[%clk 00:46:14]} {[%emt 00:00:17]} 34. Nxh6
{[%clk 00:53:15]} {[%emt 00:00:13]} Kxh6 {[%clk 00:46:15]} {[%emt 00:00:14]}
35. Rhd1 {[%clk 00:53:23]} {[%emt 00:00:08]} Re6 {[%clk 00:44:34]} {[%emt
00:01:54]} 36. Rxd5 {[%clk 00:52:53]} {[%emt 00:00:45]} Re3+ {[%clk 00:43:59]}
{[%emt 00:00:09]} 37. Kg4 {[%clk 00:52:55]} {[%emt 00:00:55]} Re7 {[%clk
00:43:25]} {[%emt 00:00:49]} 38. Rd6+ {[%clk 00:52:49]} {[%emt 00:00:22]} Kg7
{[%clk 00:42:58]} {[%emt 00:00:41]} 39. Rd7 {[%emt 00:00:50]} Kf6 {[%emt
00:00:07]} 40. R1d6+ {[%emt 00:00:18]} Kf7 {[%clk 00:41:36]} {[%emt 00:00:33]}
41. h5 {[%clk 00:52:49]} {[%emt 00:00:19]} Rxd7 {[%clk 00:41:07]} {[%emt
00:00:45]} 42. Rxd7+ {[%clk 00:52:54]} {[%emt 00:00:10]} Kg8 {[%clk 00:41:11]}
{[%emt 00:00:10]} 43. Rxb7 {[%clk 00:52:58]} {[%emt 00:00:11]} Bd8 {[%clk
00:40:00]} {[%emt 00:01:26]} 44. Rb8 {[%clk 00:52:58]} {[%emt 00:00:16]} a5
{[%clk 00:40:00]} {[%emt 00:00:15]} 45. Rxd8+ {[%clk 00:52:52]} {[%emt
00:00:21]} Kh7 {[%clk 00:39:54]} {[%emt 00:00:17]} 46. Kg5 {[%clk 00:52:57]}
{[%emt 00:00:12]} a4 {[%clk 00:39:53]} {[%emt 00:00:17]} 47. Rd7+ {[%clk
00:53:01]} {[%emt 00:00:11]} Kg8 {[%clk 00:39:26]} {[%emt 00:00:39]} 48. Kf6
{[%clk 00:53:10]} {[%emt 00:00:09]} a3 {[%clk 00:39:01]} {[%emt 00:00:40]} 49.
b4 {[%clk 00:53:12]} {[%emt 00:00:13]} Kh8 {[%clk 00:38:51]} {[%emt 00:00:25]}
50. Kg6 {[%clk 00:53:19]} {[%emt 00:00:09]} Kg8 {[%clk 00:38:42]} {[%emt
00:00:23]} 51. Rd8# {[%clk 00:53:32]} {[%emt 00:00:02]} 1-0

[Event "DEM U8 2025"]
[Site "Willingen GER"]
[Date "2025.06.13"]
[Round "5"]
[White "Siegel, Vitus"]
[Black "Muradyan, Mark"]
[Result "1-0"]
[Termination "normal"]
[Board "13"]
[WhiteElo "1169"]
[BlackElo "849"]
[WhiteClock "00:25:27"]
[BlackClock "00:56:27"]
[PlyCount "56"]
[WhiteFideId "34694102"]
[EventCountry "GER"]
[EventRounds "7"]
[EventType "swiss"]
[EventDate "2025.06.10"]

1. e4 {[%clk 01:00:26]} {[%emt 00:00:04]} e5 {[%clk 01:00:21]} {[%emt
00:00:10]} 2. Bc4 {[%clk 01:00:23]} {[%emt 00:00:17]} Nc6 {[%emt 00:00:14]} 3.
Nf3 {[%clk 01:00:16]} {[%emt 00:00:19]} Bc5 {[%clk 01:00:21]} {[%emt 00:00:18]}
4. c3 {[%clk 00:59:50]} {[%emt 00:00:42]} d6 {[%clk 01:00:12]} {[%emt
00:00:25]} 5. h3 {[%clk 00:59:19]} {[%emt 00:00:45]} h6 {[%clk 01:00:17]}
{[%emt 00:00:12]} 6. O-O {[%clk 00:56:59]} {[%emt 00:02:33]} Nf6 {[%clk
01:00:19]} {[%emt 00:00:12]} 7. Re1 {[%clk 00:53:56]} {[%emt 00:03:19]} O-O
{[%clk 01:00:17]} {[%emt 00:00:17]} 8. d4 {[%clk 00:52:37]} {[%emt 00:01:34]}
exd4 {[%clk 01:00:15]} {[%emt 00:00:17]} 9. cxd4 {[%clk 00:52:01]} {[%emt
00:00:50]} Bb6 {[%emt 00:00:31]} 10. Nc3 {[%clk 00:50:46]} {[%emt 00:01:25]}
Re8 {[%clk 01:00:02]} {[%emt 00:00:19]} 11. Bf4 {[%clk 00:45:46]} {[%emt
00:05:14]} Na5 {[%clk 00:59:56]} {[%emt 00:00:22]} 12. Bd3 {[%clk 00:43:48]}
{[%emt 00:02:12]} c5 {[%clk 00:59:56]} {[%emt 00:00:15]} 13. d5 {[%clk
00:42:06]} {[%emt 00:01:57]} c4 {[%clk 00:59:46]} {[%emt 00:00:26]} 14. Bc2
{[%clk 00:41:11]} {[%emt 00:01:08]} Re7 {[%clk 00:59:09]} {[%emt 00:00:50]} 15.
b4 {[%clk 00:38:44]} {[%emt 00:02:44]} Qe8 {[%clk 00:58:41]} {[%emt 00:00:42]}
16. bxa5 {[%clk 00:38:25]} {[%emt 00:00:36]} Bxa5 {[%clk 00:58:48]} {[%emt
00:00:08]} 17. Qd4 {[%clk 00:36:23]} {[%emt 00:02:17]} b6 {[%clk 00:58:31]}
{[%emt 00:00:32]} 18. Bxd6 {[%clk 00:35:53]} {[%emt 00:00:45]} Re6 {[%clk
00:58:15]} {[%emt 00:00:31]} 19. dxe6 {[%clk 00:35:41]} {[%emt 00:00:27]} Qxe6
{[%clk 00:58:07]} {[%emt 00:00:22]} 20. e5 {[%clk 00:33:04]} {[%emt 00:02:53]}
Bb7 {[%clk 00:57:43]} {[%emt 00:00:38]} 21. exf6 {[%clk 00:32:25]} {[%emt
00:00:51]} Qxf6 {[%clk 00:57:20]} {[%emt 00:00:42]} 22. Qxf6 {[%clk 00:29:56]}
{[%emt 00:02:44]} gxf6 {[%clk 00:57:23]} {[%emt 00:00:12]} 23. Re3 {[%clk
00:29:15]} {[%emt 00:00:50]} Rd8 {[%clk 00:57:02]} {[%emt 00:00:41]} 24. Rd1
{[%clk 00:27:29]} {[%emt 00:02:00]} Bxf3 {[%clk 00:56:49]} {[%emt 00:00:31]}
25. Rxf3 {[%emt 00:00:43]} Kg7 {[%emt 00:00:56]} 26. Be7 {[%clk 00:25:42]}
{[%emt 00:00:23]} Rxd1+ {[%clk 00:56:27]} {[%emt 00:00:37]} 27. Nxd1 {[%clk
00:25:27]} {[%emt 00:00:28]} b5 {[%emt 00:00:28]} 28. Rg3+ {[%emt 00:00:25]}
Kh8 {[%emt 00:01:08]} 1-0